000 01280cam a2200373 a 4500
999 _c3573
_d3573
001 12726465
003 GZU
005 20201202114912.0
008 010913s1998 rh b 000 0 eng
010 _a 2001311032
020 _a177905095X
020 _a1779051018 (cover)
035 _a(DLC) 2001311032
040 _aDLC
_cDLC
_dDLC
042 _alcode
043 _afs-----
050 0 0 _aJQ 2720.
_bGOV 1998
082 0 0 _a320.968
_221
245 0 0 _aGovernance and human development in southern in Africa /
_cIbbo Mandaza, editor.
246 1 4 _aGovernance & human development southern in Africa
260 _aMount Pleasant, Harare, Zimbabwe :
_bSAPPHO,
_c1998.
300 _axiv, 231 p. ;
_c21 cm.
440 0 _aSouthern Africa specialised studies series
500 _a"Selected essays"--Cover.
500 _a"SAPES Trust"--P. [4] of cover.
504 _aIncludes bibliographical references.
650 0 _aCivil society
_zAfrica, Southern.
650 0 _aHuman services
_zAfrica, Southern.
651 0 _aAfrica, Southern
_xPolitics and government
_y1994-
700 1 _aMandaza, Ibbo.
906 _a7
_bcbc
_corigode
_d3
_encip
_f20
_gy-gencatlg
942 _2lcc
_cBK
_h2720
_iGOV
_kJQ